000 00393nam a22001457a 4500
005 20200607105353.0
008 200607b xxu||||| |||| 00| 0 eng d
082 _a345.4
110 _aALL INDIA REPORTER
_95816
245 _aALL INDIA REPORTER 1966 (V-53) G.D. AND DIV SECTION
260 _aMUMBAI
_bALL INDIA REPORTER PVT LTD.
300 _a320;p
650 _aLAW
_95701
942 _cJRL
999 _c6886
_d6884